| 000 | 00739nam a22002297a 4500 | ||
|---|---|---|---|
| 003 | 0 | ||
| 005 | 20251103155640.0 | ||
| 008 | 251103b xxu||||| |||| 00| 0 eng d | ||
| 020 | _a978-93-5751-723-2 | ||
| 050 |
_aQA 280 _b.W43 2025 |
||
| 100 |
_aWebb, Lachlan, _eauthor. |
||
| 245 |
_aStatistical methods for forecasting / _cLachlan Webb. |
||
| 250 | _aFirst edition. | ||
| 260 |
_aNew Delhi, India : _bRandom Publications LLP, _c2025. |
||
| 300 |
_ax, 268 pages : _billustrations ; _c24 cm. |
||
| 504 | _aIncludes bibliographical references and index. | ||
| 650 |
_aForecasting _xStatistical methods. |
||
| 650 | _aTime-series analysis. | ||
| 650 |
_aStatistics _xMethodology. |
||
| 650 | _aPredictive analytics. | ||
| 942 |
_2lcc _cBK |
||
| 999 |
_c368424 _d368424 |
||